5HLuxD.jpg

KING HENRY VIII SENIOR AND PRIMARY SCHOOL LIBRARY OPAC

Dog Man :For whom the ball rolls / (Record no. 3965)

000 -LEADER
fixed length control field 02057cam a2200421 ib4500
001 - CONTROL NUMBER
control field 769190
003 - CONTROL NUMBER IDENTIFIER
control field INLPI
005 - DATE AND TIME OF LATEST TRANSACTION
control field 20241128092751.0
008 - FIXED-LENGTH DATA ELEMENTS--GENERAL INFORMATION
fixed length control field 190808s2019 nyua c 6 000 f eng d
010 ## - LIBRARY OF CONGRESS CONTROL NUMBER
LC control number 2019932354
020 ## - INTERNATIONAL STANDARD BOOK NUMBER
International Standard Book Number 9781338236590
Qualifying information (hardback) :
040 ## - CATALOGING SOURCE
Original cataloging agency TXCJJ
Language of cataloging eng
Transcribing agency NLPI
Modifying agency NLPI
-- KH8
Description conventions rda
042 ## - AUTHENTICATION CODE
Authentication code nbic
082 0# - DEWEY DECIMAL CLASSIFICATION NUMBER
Classification number 741.5973 PIL
100 1# - MAIN ENTRY--PERSONAL NAME
Personal name Pilkey, Dav,
Dates associated with a name 1966-
Relator term author,
-- illustrator.
245 10 - TITLE STATEMENT
Title Dog Man :For whom the ball rolls /
Statement of responsibility, etc. written and illustrated by Dav Pilkey, as George Beard and Harold Hutchin ; with color by Jose Garibaldi.
246 30 - VARYING FORM OF TITLE
Title proper/short title For whom the ball rolls.
250 ## - EDITION STATEMENT
Edition statement First edition.
264 #1 - PRODUCTION, PUBLICATION, DISTRIBUTION, MANUFACTURE, AND COPYRIGHT NOTICE
Place of production, publication, distribution, manufacture New York, New York :
Name of producer, publisher, distributor, manufacturer Graphix, an imprint of Scholastic Inc.,
Date of production, publication, distribution, manufacture, or copyright notice 2019.
264 #4 - PRODUCTION, PUBLICATION, DISTRIBUTION, MANUFACTURE, AND COPYRIGHT NOTICE
Date of production, publication, distribution, manufacture, or copyright notice ©2019.
300 ## - PHYSICAL DESCRIPTION
Extent 236 pages :
Other physical details color illustrations ;
Dimensions 22 cm.
336 ## - CONTENT TYPE
Content type term text
Content type code txt
Source rdacontent.
336 ## - CONTENT TYPE
Content type term still image
Content type code sti
Source rdacontent.
337 ## - MEDIA TYPE
Media type term unmediated
Media type code n
Source rdamedia.
338 ## - CARRIER TYPE
Carrier type term volume
Carrier type code nc
Source rdacarrier.
490 1# - SERIES STATEMENT
Series statement Dog Man ;
Volume/sequential designation 7.
500 ## - GENERAL NOTE
General note "Tree-house comix proudly presents."--Title page.
520 8# - SUMMARY, ETC.
Summary, etc. The Supa Buddies have been working hard to help Dog Man overcome his bad habits. But when his obsessions turn to fears, Dog Man finds himself the target of an all-new supervillain! Meanwhile, Petey the Cat has been released from jail and starts a new life with Li'l Petey. But when Petey's own father arrives, Petey must face his past to understand the difference between being good and doing good. Dav Pilkey's wildly popular Dog Man series appeals to readers of all ages and explores universally positive themes, including empathy, kindness, persistence, and the importance of being true to one's self.
600 00 - SUBJECT ADDED ENTRY--PERSONAL NAME
Personal name Dog Man
Titles and other words associated with a name (Fictitious character)
Form subdivision Comic books, strips, etc.
650 #0 - SUBJECT ADDED ENTRY--TOPICAL TERM
Topical term or geographic name entry element Dogs
Form subdivision Comic books, strips, etc.
650 #0 - SUBJECT ADDED ENTRY--TOPICAL TERM
Topical term or geographic name entry element Police
Form subdivision Comic books, strips, etc.
650 #0 - SUBJECT ADDED ENTRY--TOPICAL TERM
Topical term or geographic name entry element Cats
Form subdivision Comic books, strips, etc.
653 ## - INDEX TERM--UNCONTROLLED
Uncontrolled term English Learning.
653 ## - INDEX TERM--UNCONTROLLED
Uncontrolled term KF.
700 1# - ADDED ENTRY--PERSONAL NAME
Personal name Garibaldi, Jose,
Relator term colorist.
800 1# - SERIES ADDED ENTRY--PERSONAL NAME
Personal name Dog Man ;
Volume/sequential designation 7.
942 ## - ADDED ENTRY ELEMENTS (KOHA)
Source of classification or shelving scheme
Koha item type Books - Non Ficton
Holdings
Withdrawn status Lost status Source of classification or shelving scheme Damaged status Not for loan Collection code Permanent Location Current Location Shelving location Date acquired Total Checkouts Full call number Barcode Date last seen Date last checked out Price effective from Koha item type Public note
          Non-Fiction KH8 Primary School Library KH8 Primary School Library Non Fiction 2024-11-26 21 741.5973 PIL KHPL000004665 2026-02-23 2026-02-03 2024-11-26 Books - Non Ficton  
          Non-Fiction KH8 Primary School Library KH8 Primary School Library Non Fiction 2024-11-26 1 741.5973 PIL KHPL000007282 2026-01-14 2026-01-09 2024-11-26 Books - Non Ficton PRIMARY LIBRARY

Powered By KH8 IT Dept